Kings of Numenor - Statistics

General Stats
  • This quiz has been taken 53 times
  • The average score is 13 of 27
Answer Stats
Hint Answer % Correct
1st The brother of Elrond: Elros Tar-Minyatur
97%
25th Usurped the Sceptre. Led the Great Armament fleet to break the Ban of the Valar, causing the Downfall of Númenor. Ar-Pharazon
94%
4th During his reign Númenóreans first sailed back to Middle-earth. Tar-Elendil
80%
24th He attempted to bring back the old traditions of Númenor: Tar-Palantir
80%
The legitimate heiress of the Sceptre: Tar-Miriel
66%
20th He banned the speaking of Quenya: Ar-Adunakhor
57%
3rd He was the third king of Numenor, but was actually its second ruler Tar-Amandil
54%
5th He was the only son of Tar-Elendil and had two older sisters: Tar-Meneldur
54%
2nd He immediately passed on the Sceptre to his eldest son Vardamir Nolimon
54%
6th His love for the sea ultimately caused a rift between him and his wife: Tar-Aldarion
51%
11th He, with High King Gil-galad defeats Sauron: Tar-Minastir
51%
23rd Openly persecuted the Faithful. Ar-Gimilzor
49%
12th He constrained his father to yield to him the Sceptre before of his free will he would: Tar-Ciryatan
49%
13th He was the first of the kings to refuse to lay down his life: Tar-Atanamir
46%
8th He had two daughters who refused the Sceptre Tar-Anarion
43%
14th During his reign, the people of Númenor fbecame divided into two parties: the Elendili (also called "The Faithful"), and the "King's Men" Tar-Ancalimon
43%
7th The first ruling Queen: Tar-Ancalime
40%
22nd His name means "Shore-son": Ar-Sakalthor
37%
9th He became king after his two older sisters refused the Sceptre: Tar-Surion
34%
18th First king to adopt an Adunaic name: Tar-Calmacil / Ar-Belzagar
31%
15th He loved silver, and bade his servants seek ever for Mithril: Tar-Telemmaite
31%
21st His name means "Jewel Gatherer" or "Many Jewels": Ar-Zimrathon
29%
Illegally claimed Kingship of Númenor: Herucalmo
26%
17th He ruled for eighty years, but was legally king of Numenor for one hundred years: Tar-Alcarin
26%
16th She loved music and dance, and allowed her husband to rule the kingdom: Tar-Vanimelde
26%
19th He was the last of the kings to take the Sceptre using a Quenya-styled royal name: Tar-Ardamin / Ar-Abattarik
23%
10th The second ruling Queen. She would not marry: Tar-Telperion
20%
No matching quizzes found
Score Distribution
Percent of People with Each Score
Percentile by Number Answered
Your Score History
You have not taken this quiz